Bible readings for the home / (Record no. 12621)

000 -LEADER
fixed length control field 00377nam a22001217a 4500
008 - FIXED-LENGTH DATA ELEMENTS--GENERAL INFORMATION
fixed length control field 160805b xxu||||| |||| 00| 0 eng d
050 ## - LIBRARY OF CONGRESS CALL NUMBER
Classification number BX 6154.B53 1967
100 ## - MAIN ENTRY--PERSONAL NAME
Dates associated with a name 1967
245 ## - TITLE STATEMENT
Title Bible readings for the home /
260 ## - PUBLICATION, DISTRIBUTION, ETC. (IMPRINT)
Place of publication, distribution, etc. Canada;
Name of publisher, distributor, etc. Pacific press publishing association/
Date of publication, distribution, etc. 1967.
300 ## - PHYSICAL DESCRIPTION
Extent vii, 568 p. : ill.
942 ## - ADDED ENTRY ELEMENTS (KOHA)
Source of classification or shelving scheme
Koha item type Hard Covered Materials
Classification part BX 6154.B53 1967
Holdings
Withdrawn status Lost status Source of classification or shelving scheme Damaged status Not for loan Home library Current library Shelving location Date acquired Source of acquisition Total Checkouts Full call number Barcode Date last seen Date last checked out Price effective from Koha item type
          MACHAKOS UNIVERSITY LIBRARY MACHAKOS UNIVERSITY LIBRARY Open shelf 05/08/2016 Purchase 1 BX 6154.B53 1967 4023 08/10/2019 24/09/2019 05/08/2016 Hard Covered Materials
© Machakos University Library, Along The Highway, Machakos Wote Rd, Machakos, Kenya P.O. Box 136 - 90100 Machakos - Kenya

Tel: ( +254 ) 723 805829 OR Fax : 044-20353 OR Email: library@mksu.ac.ke